[Event "Fagernes GM-A 2019"]
[Site "Fagernes"]
[Date "2019.04.17"]
[Round "5.12"]
[White "Vitenberg, Noam Aviv"]
[Black "Sisatto, Olli"]
[Result "0-1"]
[WhiteElo "2203"]
[BlackElo "2276"]
[Annotator "TA"]
[PlyCount "74"]
[EventDate "2019.04.14"]
[EventType "tourn"]
[EventCountry "NOR"]
[SourceTitle "playchess.com"]
[Source "ChessBase"]
[SourceQuality "1"]

{[%evp 9,74,-21,25,29,16,-55,-68,-85,-77,-94,-11,-3,0,-3,-12,0,0,-6,-8,-100,-104,-102,-97,-97,-110,-104,-33,-33,-29,-39,-37,-91,-29,-85,-85,-85,-85,-85,-94,-90,-85,-93,-91,-94,-80,-97,-91,-329,-327,-366,-361,-350,-306,-398,-395,-389,-393,-454,-450,-544,-544,-538,-531,-552,-550,-29977,-29973]} 1. c4 e6 2. Nc3 d5 3. d4 Nf6 4. Bf4 c5 5. Nf3 a6 (5... cxd4 6. Nxd4 Nc6 7. e3 Bb4 8. Be2 dxc4 9. Nxc6 Qxd1+ 10. Rxd1 bxc6 11. Bxc4 Nd5 12. O-O Bxc3 13. bxc3 Nxf4 14. exf4 Ke7 {½-½ (31) Wei,Y (2700)-Zhou,W (2635) Xinghua 2016}) 6. dxc5 {D40: Queen's Gambit Declined: Semi-Tarrasch with 5 e3} Bxc5 7. cxd5 (7. e3 $11) 7... Qb6 $1 $15 8. e3 $146 {Black is slightly better.} ({Predecessor:} 8. Qc2 Bxf2+ 9. Kd1 O-O 10. e4 exd5 11. Nxd5 Nxd5 12. exd5 Bg4 13. Bd3 {0-1 (26) Wuebker,P (2053)-Zimmer,R (2122) Duesseldorf 2017}) 8... Qxb2 9. Rc1 O-O ({Black should try} 9... Bb4 $17 10. Qd2 Qxd2+ 11. Nxd2 O-O) 10. Bc4 $11 {Black must now prevent Bb3.} exd5 11. Nxd5 Nxd5 12. Bxd5 {aiming for 0-0.} Bb4+ $40 {[%mdl 128] Black attacks.} 13. Kf1 Nc6 14. Qc2 (14. Rb1 $11 Qc3 15. Kg1) 14... Qxc2 $17 15. Rxc2 {[#]} Rd8 $1 {[%cal Rd8d5]} 16. e4 Be6 17. Bxc6 bxc6 (17... Rd1+ $17 18. Ke2 Rxh1 19. Bxb7 Rd8) 18. Ke2 $15 c5 19. Bd2 a5 20. Rb1 (20. Rd1 $15) 20... Bc8 ({Black should play} 20... f5 $17 21. Bxb4 cxb4) 21. Bxb4 (21. Ke3 $11) 21... Ba6+ $17 ({Much worse is} 21... axb4 $6 22. Rxc5 Rxa2+ 23. Ke3 $11) 22. Ke3 {[#]} Bd3 $1 {[%cal Rd3c2]} ({Much weaker is} 22... cxb4 $6 23. Nd4 $11) 23. Rxc5 {Strongly threatening Rd1.} Bxb1 24. Bxa5 Rd3+ 25. Kf4 Ra3 26. Bc3 Bxa2 27. Nh4 f6 28. Rc7 $2 (28. Nf5 $17 {is a better defense.}) 28... g5+ $19 {[%mdl 64] Double Attack} 29. Kf5 {intending Nf3.} gxh4 30. Bxf6 Bf7 {Threatens to win with ...h3.} 31. Bxh4 Bg6+ 32. Kg4 Bxe4 33. Bf6 R8a6 34. Be5 Rg6+ 35. Kf4 Bxg2 36. Rc8+ Kf7 37. Kf5 Bh3+ {[%mdl 64] Skewer. Accuracy: White = 26%, Black = 53%.} 0-1

[Event "Fagernes GM-A 2019"]
[Site "Fagernes"]
[Date "2019.04.17"]
[Round "5.13"]
[White "Holleland, Sigve"]
[Black "Nielsen, Andre"]
[Result "0-1"]
[WhiteElo "2024"]
[BlackElo "2201"]
[Annotator "TA"]
[PlyCount "86"]
[EventDate "2019.04.14"]
[EventType "tourn"]
[EventCountry "NOR"]
[SourceTitle "playchess.com"]
[Source "ChessBase"]
[SourceQuality "1"]

{[%evp 11,86,18,21,0,0,0,0,0,0,0,13,0,-3,-1,-13,-10,0,-8,-7,-33,0,0,35,33,96,97,69,51,36,19,27,-13,52,0,3,2,2,0,0,0,13,15,0,-85,-94,-93,-65,-70,-77,-131,-128,-179,-158,-189,-172,-268,-125,-311,-244,-395,-262,-620,-441,-464,-472,-466,-461,-455,-432,-421,-442,-29988,-29989,-29990,-29991,-29991,-29992]} 1. d4 Nf6 2. c4 e6 3. Nf3 b6 4. g3 Ba6 5. Qc2 Bb7 6. Bg2 c5 7. d5 {E15: Queen's Indian: 4 g3 sidelines, 4 g3 Ba6 and 4 g3 Bb7 early deviations} exd5 8. cxd5 Nxd5 9. O-O {The position is equal.} Nc6 $146 ({Predecessor:} 9... Be7 10. Rd1 {1-0 (27) Carlsen,M (2690)-Ivanchuk,V (2750) Monte Carlo 2007}) 10. Rd1 Be7 11. Qf5 (11. Rxd5 $2 Nb4 $17) 11... Nf6 12. e4 g6 13. Qf4 O-O 14. e5 Nh5 15. Qg4 d5 16. exd6 $1 Bf6 17. Nc3 Nd4 (17... Rb8 $14) 18. Nxd4 $16 Bxg2 19. Kxg2 cxd4 20. Ne4 Bg7 {[#] And now ...f5 would win.} 21. Qf3 (21. Bg5 $5 {[%cal Rg5d8]} Qb8 22. Qd7 $11) 21... Qd7 ({Better is} 21... h6 $1 $11) 22. Bg5 {Hoping for Be7.} f5 $132 {[%mdl 2048] Black puts up resistance} 23. Qb3+ Kh8 24. Nd2 Qxd6 25. Nf3 $1 Qc6 26. Rac1 Qb7 27. Kg1 (27. Qe6 $11 {remains equal.}) 27... h6 $17 28. Bd2 Rad8 29. Bb4 Rfe8 30. Nh4 (30. Rd3 $142) 30... Kh7 31. Re1 (31. Nf3 $17) 31... Nf6 $19 32. Qd3 a5 33. Ba3 (33. Rxe8 {was worth a try.} Rxe8 34. Bd2) 33... Qd5 (33... Ne4 $19 34. Nf3 Rc8 35. Rxc8 Rxc8) 34. f3 $2 (34. Be7 $17 Rd7 35. Bxf6 Rxe1+ 36. Rxe1 Bxf6 37. Ng2) 34... Rc8 {Threatens to win with ...Rxc1.} ({Resist} 34... Qxa2 35. g4 $19) 35. Rcd1 $2 (35. Ng2) 35... Nd7 36. b3 $2 (36. f4) 36... Ne5 37. Qf1 d3 {aiming for ...Rc2.} 38. Bb2 {If only White now had time for Bxe5....} d2 39. Re2 Rc2 40. Bxe5 Rxe5 ({Much less strong is} 40... Bxe5 41. Ng2 $19) 41. Qf2 {[#]} (41. Kg2 $19) 41... Rc1 $1 {Black mates.} 42. Qf1 Rxd1 43. Qxd1 Rxe2 {Accuracy: White = 43%, Black = 48%.} 0-1

[Event "Fagernes GM-A 2019"]
[Site "Fagernes"]
[Date "2019.04.17"]
[Round "5.14"]
[White "Andersen, Morten"]
[Black "Royset, Pal"]
[Result "0-1"]
[WhiteElo "2223"]
[BlackElo "2167"]
[Annotator "TA"]
[PlyCount "76"]
[EventDate "2019.04.14"]
[EventType "tourn"]
[EventCountry "NOR"]
[SourceTitle "playchess.com"]
[Source "ChessBase"]
[SourceQuality "1"]

{[%evp 9,76,18,59,59,87,79,98,77,89,-45,-38,-47,-8,-16,-7,-77,0,0,43,8,41,0,40,0,0,0,0,-34,-19,-37,-29,-90,-72,-73,0,0,0,0,0,0,0,0,0,0,-12,-20,-14,-50,-60,-67,-61,-83,-103,-242,-244,-256,-256,-1061,-1046,-1933,-1830,-1684,-1566,-1215,-1040,-29997,-29998,-29998,-29999]} 1. d4 Nf6 2. Bg5 d5 3. e3 Ne4 4. Bf4 c5 5. Bd3 Qb6 6. Bxe4 $1 {A45: Trompowsky Attack} Qxb2 7. Bxd5 Qxa1 8. Nf3 {White is better.} e6 9. Bc4 $146 (9. Bb3 $1 $16) ({Predecessor:} 9. Bb3 Nd7 10. O-O cxd4 11. exd4 Bb4 12. Qd3 Qb2 13. c3 Be7 14. Bc1 Qa1 15. Qc2 {1-0 (15) Nakamura,H (2767)-Hawkins,J (2546) London 2014}) 9... Nc6 10. O-O Be7 11. c3 {Qc2 is the strong threat.} Qb2 12. Bb3 (12. dxc5 $11 {remains equal.} b5 13. Bd3) 12... c4 (12... cxd4 $17 13. exd4 Bd7) 13. Bxc4 $11 Qb6 14. Nbd2 {[%mdl 1024] White has compensation.} O-O 15. Bd3 Qd8 16. Bb1 b6 17. Qc2 {[%csl Gb1][%cal Rc2h7]} g6 18. Rd1 Bb7 19. Bh6 Re8 20. Qe4 (20. Qb2 $11 {keeps the balance.}) 20... Na5 21. Qf4 Bd6 (21... f6 $1 $17 22. Qg3 Kh8) 22. Ne5 f5 23. h4 Qc7 24. h5 Bxe5 25. dxe5 Rad8 {And now ...Nc4! would win.} (25... Qxc3 $2 26. hxg6 Rad8 27. e4 $18) 26. e4 Nc4 (26... Qxc3 $2 27. hxg6 hxg6 28. Qg5 $1 $18 {[%mdl 512]}) 27. hxg6 (27. Bg5 {is interesting.} Rxd2 28. Rxd2 Nxd2 29. Qxd2 Bxe4 30. Bxe4 fxe4 31. hxg6 hxg6 32. Bf6) 27... hxg6 28. exf5 (28. Bg5 {looks sharper.} Rxd2 29. Rxd2 Nxd2 30. Qxd2 Rc8 31. Qd4) 28... Nxd2 29. Rxd2 Rxd2 ({Wrong is} 29... gxf5 $2 30. Qg5+ Kh8 {[#]} 31. Rd6 $1 $18 {[%mdl 512]}) 30. Qxd2 {aiming for Qg5!} exf5 ({Much worse is} 30... gxf5 $6 31. Qg5+ Kh8 32. Bd3 $14 (32. Qf6+ Kh7 $15)) 31. Bc2 (31. Qg5 $17 {was necessary.} Qc6 32. Qg3) 31... Qxe5 $40 {[%mdl 128] Black attacks with force.} 32. Bb3+ Kh7 33. Be3 $2 (33. Qg5 Bd5 34. Qh4) 33... Qe4 {[%csl Gb7][%cal Re4g2]} 34. Kf1 Qxg2+ 35. Ke2 Qg4+ 36. Kd3 {[#]} f4 $1 37. Bd4 (37. Bxf4 Qf5+) 37... Qf5+ 38. Kc4 Ba6+ {Accuracy: White = 28%, Black = 58%.} 0-1

[Event "Fagernes GM-A 2019"]
[Site "Fagernes"]
[Date "2019.04.17"]
[Round "5.15"]
[White "Dahl, Trygve"]
[Black "Kizatbay, Abyl"]
[Result "1/2-1/2"]
[WhiteElo "2275"]
[BlackElo "2108"]
[Annotator "TA"]
[PlyCount "83"]
[EventDate "2019.04.14"]
[EventType "tourn"]
[EventCountry "NOR"]
[SourceTitle "playchess.com"]
[Source "ChessBase"]
[SourceQuality "1"]

{[%evp 11,83,11,39,-8,22,23,61,60,60,37,36,38,36,-12,-4,-41,0,-8,0,0,0,0,-12,0,8,0,8,9,11,0,0,0,0,0,47,35,27,35,73,49,113,113,123,128,123,113,110,113,117,118,107,68,65,50,45,54,40,0,8,0,0,0,0,0,0,0,0,0,0,0,0,0,0,0]} 1. e4 c5 2. Nf3 d6 3. d4 cxd4 4. Nxd4 Nf6 5. f3 e5 6. Nb3 d5 7. exd5 {B55: Sicilian: 2...d6 3 d4 cxd4 4 Nxd4 Nf6 5 f3} (7. Bg5 Be6 8. Bxf6 gxf6 9. exd5 Qxd5 10. Qxd5 Bxd5 11. Nc3 Be6 12. Nb5 Kd8 13. O-O-O+ Kc8 14. Nc3 Nd7 15. Nd5 h5 16. Bb5 Bxd5 17. Bxd7+ Kxd7 18. Rxd5+ Ke6 19. Rhd1 h4 20. Kb1 Rg8 21. c4 Rxg2 22. Nd4+ Ke7 23. f4 Rxh2 24. Nf5+ Ke6 25. Nd4+ Ke7 26. Nf5+ Ke6 {½-½ (26) Nabaty,T (2690)-Sjugirov,S (2652) Batumi 2018}) 7... Qxd5 8. Bd2 Be7 9. Nc3 {White is slightly better.} Qd8 10. Qe2 Nc6 11. O-O-O $1 {Bh6! is the strong threat.} Qc7 12. g4 $146 ({Predecessor:} 12. Be3 O-O 13. Qf2 b6 14. g4 Be6 {0-1 (46) Hamdan,I-Gelfer,I Siegen 1970}) 12... Be6 13. h4 O-O-O 14. Qf2 Kb8 15. Nb5 Qc8 16. Kb1 Nd5 17. Bd3 a6 18. Nc3 Ncb4 19. Be4 Nf6 20. Be3 (20. g5 {is interesting.} Nxe4 21. fxe4 f5 22. gxf6 gxf6 23. Be3) 20... Nxe4 21. fxe4 Rxd1+ 22. Rxd1 Rd8 23. Rxd8 Qxd8 24. g5 Ka8 25. Bb6 Qd7 ({Black should try} 25... Qd6 $14) 26. Nc5 $16 Qd6 27. Nxe6 Qxe6 28. a3 Nc6 29. Nd5 {[#] Hoping for Nc7+.} Kb8 30. Bc7+ Kc8 31. Qb6 h6 32. Qe3 hxg5 33. hxg5 Qg4 34. Nxe7+ (34. Qf2 {feels hotter.} f6 35. gxf6 gxf6 36. Nxe7+ Nxe7 37. Qxf6 Qd1+ 38. Ka2) 34... Kxc7 {The position is equal.} 35. Nd5+ Kb8 36. Ka2 Nd4 37. Qc3 Qxe4 38. Qc7+ {[%mdl 64] [#] Double Attack} Ka7 39. Qb6+ Kb8 40. Qd8+ Ka7 41. Qb6+ Kb8 42. Qc7+ {Accuracy: White = 47%, Black = 46%.} 1/2-1/2

[Event "Fagernes GM-A 2019"]
[Site "Fagernes"]
[Date "2019.04.17"]
[Round "5.16"]
[White "Lindbol, Aleksander"]
[Black "Isha Sharma"]
[Result "0-1"]
[WhiteElo "2139"]
[BlackElo "1989"]
[Annotator "TA"]
[PlyCount "48"]
[EventDate "2019.04.14"]
[EventType "tourn"]
[EventCountry "NOR"]
[SourceTitle "playchess.com"]
[Source "ChessBase"]
[SourceQuality "1"]

{[%evp 9,48,8,0,-3,0,0,0,0,0,0,0,-2,-3,-17,4,-19,-13,-35,-28,-34,-37,-38,-43,-41,-28,-42,-42,-269,-256,-247,-236,-537,-534,-822,-824,-816,-521,-500,-486,-760,-763]} 1. c4 e5 2. Nc3 Bb4 3. Nd5 Be7 4. d3 (4. Nf3 d6 5. d4 e4 6. Nd2 f5 7. Nb1 c6 8. Nxe7 Nxe7 9. Nc3 O-O 10. e3 Be6 11. Be2 Nd7 12. b3 d5 13. a4 a5 {1-0 (41) Inarkiev,E (2727)-Bologan,V (2640) Poikovsky 2017}) 4... c6 5. Nxe7 Qxe7 6. g3 $146 {A21: English Opening: 1...e5 2 Nc3} ({Predecessor:} 6. Qc2 Nf6 7. e4 O-O 8. Ne2 d5 9. a3 a5 10. Bg5 dxe4 11. dxe4 Nbd7 {0-1 (22) Ben Houichi,L (1876)-Ameir,M (2338) Monastir 2018}) 6... d5 7. cxd5 cxd5 8. Bg2 {The position is equal.} Nf6 9. Bg5 Be6 10. Nf3 Nc6 11. O-O O-O 12. Qa4 h6 13. Bd2 Rfd8 14. Rfd1 Rac8 15. Rac1 Nd7 16. Ba5 Re8 17. Be1 Nb6 18. Qb5 $2 {[#]} (18. Qc2 $15) 18... e4 $1 $19 {[%cal Re4f3]} 19. dxe4 dxe4 {[%mdl 64] Discovered Attack} 20. Ne5 $2 {[#]} (20. Nh4 {is more resistant.} Nd4 21. Qh5 Rxc1 22. Rxc1) 20... Nd4 $1 {[%cal Rd4b5][%mdl 512] Black is clearly winning.} 21. Qxe8+ (21. Rxd4 Rxc1) 21... Qxe8 22. Rxc8 Bxc8 (22... Nxc8 $2 23. Rxd4 Nb6 24. Rxe4 $19) 23. Rxd4 Qxe5 24. Rxe4 (24. Bc3 $142 Qc7 25. Bxe4) 24... Qxb2 {Accuracy: White = 39%, Black = 80%.} 0-1

[Event "Fagernes GM-A 2019"]
[Site "Fagernes"]
[Date "2019.04.17"]
[Round "5.17"]
[White "Skotheim, Andreas"]
[Black "Bentsen, Hakon"]
[Result "1/2-1/2"]
[WhiteElo "2182"]
[BlackElo "2155"]
[Annotator "TA"]
[PlyCount "81"]
[EventDate "2019.04.14"]
[EventType "tourn"]
[EventCountry "NOR"]
[SourceTitle "playchess.com"]
[Source "ChessBase"]
[SourceQuality "1"]

{[%evp 15,81,22,30,17,27,22,26,21,24,19,23,26,56,64,54,0,7,0,47,46,47,52,47,48,43,46,69,63,75,76,90,64,83,87,82,82,86,66,74,77,59,56,64,49,68,0,0,0,0,0,0,0,0,0,0,0,0,0,0,0,0,0,0,0,0,0,0,0]} 1. d4 Nf6 2. c4 e6 3. Nc3 Bb4 4. g3 O-O 5. Bg2 d5 6. Nf3 c5 7. cxd5 Nxd5 8. Bd2 Nc6 9. a3 {E20: Nimzo-Indian: 4 g3 and 4 f3} (9. Nxd5 Qxd5 10. Bxb4 Nxb4 11. O-O cxd4 12. Nxd4 Qa5 13. a3 Nd5 14. Qb3 Rd8 15. Rfc1 Bd7 16. Bxd5 Qxd5 17. Qxd5 exd5 {1-0 (35) Melkumyan,H (2678)-Kern,G (2340) Bad Wiessee 2014}) 9... Nxc3 10. bxc3 Ba5 {[%cal Rc5d4]} 11. O-O {White has an edge.} cxd4 12. cxd4 Bxd2 13. Qxd2 Qa5 $146 ({Predecessor:} 13... Qe7 14. Qb2 Rb8 15. Rfc1 Bd7 16. Ne1 Qd6 {½-½ (59) Zalys,I-Freedman,W corr 1952}) 14. Qxa5 Nxa5 15. Rab1 b6 16. Ne5 Rb8 17. Rfc1 f6 18. Nc6 $36 {[%mdl 2048] White is pushing.} Nxc6 19. Rxc6 Rd8 20. e3 Bd7 21. Rc7 a5 22. Bh3 f5 23. Ra7 Be8 24. Bf1 Kf8 25. Bc4 Rd6 26. Bb5 Bxb5 27. Rxb5 $14 {[%mdl 4096] Endgame KRR-KRR} Rc8 28. Rb7 Rc3 29. a4 Rc4 30. R7xb6 (30. Rb2 $14) 30... Rxb6 $11 {The position is equal.} 31. Rxb6 $14 {KR-KR} Kf7 32. Ra6 Rxa4 33. Kg2 Ra2 34. h3 h5 35. Ra7+ Kf6 36. h4 a4 37. Kf3 a3 38. Kg2 Kg6 39. Kf3 Kf6 40. Kg2 Kg6 41. Kf3 {Accuracy: White = 80%, Black = 73%.} 1/2-1/2

[Event "Fagernes GM-A 2019"]
[Site "Fagernes"]
[Date "2019.04.17"]
[Round "5.18"]
[White "Grover, Sigurd Loe"]
[Black "Nordquelle, Daniel"]
[Result "0-1"]
[WhiteElo "2020"]
[BlackElo "2264"]
[Annotator "RC"]
[PlyCount "119"]
[EventDate "2019.04.14"]
[EventType "tourn"]
[EventCountry "NOR"]
[SourceTitle "playchess.com"]
[Source "ChessBase"]
[SourceQuality "1"]
[TimeControl "40/7200:3600"]

1. e3 {[%emt 0:00:02]} d5 {[%emt 0:00:29]} 2. c4 {[%emt 0:00:09]} c6 {[%emt 0:00:11]} 3. Nf3 {[%emt 0:00:28]} e6 {[%emt 0:00:08]} 4. d4 {[%emt 0:00:41]} Bd6 {[%emt 0:00:20]} 5. Bd3 {[%emt 0:02:43]} f5 {[%emt 0:00:07]} 6. O-O {[%emt 0:05:04]} Nh6 {[%emt 0:01:16]} 7. b3 {[%emt 0:01:48]} Qe7 {[%emt 0:00:20]} 8. Bb2 {[%emt 0:03:17]} a5 {[%emt 0:03:35]} 9. Nc3 {[%emt 0:07:35]} Nd7 {[%emt 0:00:46]} 10. Ne2 {[%emt 0:02:02]} O-O {[%emt 0:08:09]} 11. Nf4 {[%emt 0:02:01]} Nf7 {[%emt 0:03:20]} 12. Be2 {[%emt 0:04:30]} Qf6 {[%emt 0:06:09]} 13. Qc1 {[%emt 0:01:26]} Re8 {[%emt 0:19:43]} 14. Nd3 {[%emt 0:05:20]} b6 {[%emt 0:04:17]} 15. c5 {[%emt 0:03:16]} Bb8 {[%emt 0:06:49]} 16. cxb6 {[%emt 0:00:31]} Nd8 {[%emt 0:00:20]} 17. Nfe5 {[%emt 0:02:30]} Bxe5 {[%emt 0:11:21]} 18. dxe5 {[%emt 0:03:05]} Qf7 {[%emt 0:06:00]} 19. Bd4 {[%emt 0:00:55]} Ba6 {[%emt 0:00:05]} 20. Qc2 {[%emt 0:13:44]} Bxd3 {[%emt 0:00:40]} 21. Bxd3 {[%emt 0:00:03]} c5 {[%emt 0:00:44]} 22. Bb2 {[%emt 0:00:08]} Nb7 {[%emt 0:03:12]} 23. g4 {[%emt 0:07:46]} Qg6 {[%emt 0:19:22]} 24. h3 {[%emt 0:05:04]} Nxb6 {[%emt 0:09:59]} 25. Kh2 {[%emt 0:10:02]} c4 {[%emt 0:03:12]} 26. bxc4 {[%emt 0:00:06]} dxc4 {[%emt 0:00:06]} 27. Be2 {[%emt 0:00:08]} Rac8 {[%emt 0:00:47]} 28. gxf5 {[%emt 0:35:36]} exf5 {[%emt 0:08:33]} 29. Bd4 {[%emt 0:00:00]} Kh8 {[%emt 0:00:00]} 30. Rab1 {[%emt 0:00:00]} Nc5 {[%emt 0:00:00]} 31. Rg1 {[%emt 0:00:00]} Qe6 {[%emt 0:00:00]} 32. Rb5 {[%emt 0:00:00]} Ncd7 {[%emt 0:00:00]} 33. e4 {[%emt 0:00:00]} fxe4 {[%emt 0:00:00]} 34. Bg4 {[%emt 0:00:00]} Qc6 {[%emt 0:00:00]} 35. Qb1 {[%emt 0:00:00]} Na4 {[%emt 0:00:00]} 36. Bf5 {[%emt 0:00:00]} Rcd8 {[%emt 0:00:00]} 37. Rb7 {[%emt 0:00:00]} Qd5 {[%emt 0:00:00]} 38. Ba1 {[%emt 0:00:00]} c3 {[%emt 0:00:00]} 39. Qxe4 {[%emt 0:00:00]} Qxe4 {[%emt 0:00:00]} 40. Bxe4 {[%emt 0:00:00]} Nac5 {[%emt 0:00:00]} 41. Rxd7 {[%emt 0:57:59]} Nxd7 {[%emt 0:03:38]} 42. Bxc3 {[%emt 0:00:00]} Nc5 {[%emt 0:06:49]} 43. Bb1 {[%emt 0:00:00]} a4 {[%emt 0:06:53]} 44. f4 {[%emt 0:00:00]} Ne6 {[%emt 0:08:47]} 45. Kg3 {[%emt 0:00:00]} g6 {[%emt 0:01:37]} 46. h4 {[%emt 0:00:00]} Rc8 {[%emt 0:03:10]} 47. Bd2 {[%emt 0:00:00]} Red8 {[%emt 0:01:52]} 48. Rg2 {[%emt 0:00:00]} Rb8 {[%emt 0:04:45]} 49. Be4 {[%emt 0:00:00]} Rd4 {[%emt 0:00:43]} 50. Kf3 {[%emt 0:00:00]} Rb2 {[%emt 0:03:22]} 51. Bc3 {[%emt 0:00:00]} Rxg2 {[%emt 0:00:10]} 52. Bxd4 {[%emt 0:00:00]} Rxa2 {[%emt 0:00:08]} 53. Be3 {[%emt 0:00:00]} Ng7 {[%emt 0:02:06]} 54. Bd4 {[%emt 0:00:00]} Nf5 {[%emt 0:00:58]} 55. Bb6 {[%emt 0:00:00]} Kg7 {[%emt 0:03:07]} 56. Bd8 {[%emt 0:00:00]} Rd2 {[%emt 0:01:07]} 57. Bf6+ {[%emt 0:00:00]} Kf7 {[%emt 0:00:15]} 58. Bc6 {[%emt 0:00:00]} a3 {[%emt 0:10:33]} 59. Bb5 {[%emt 0:02:01]} a2 {[%emt 0:00:00]} 60. Bc4+ 0-1

[Event "Fagernes GM-A 2019"]
[Site "Fagernes"]
[Date "2019.04.17"]
[Round "5.19"]
[White "Fuglestein, Sander"]
[Black "Dolzhikova, Olga"]
[Result "0-1"]
[WhiteElo "2000"]
[BlackElo "2231"]
[Annotator "TA"]
[PlyCount "168"]
[EventDate "2019.04.14"]
[EventType "tourn"]
[EventCountry "NOR"]
[SourceTitle "playchess.com"]
[Source "ChessBase"]
[SourceQuality "1"]

{[%evp 10,167,34,34,34,29,33,33,32,29,92,87,88,68,75,18,52,56,254,257,240,107,237,93,247,135,183,110,148,127,143,110,135,93,97,90,107,68,81,71,77,74,78,65,87,76,109,105,155,97,153,-38,0,0,0,-198,-198,-203,0,-294,-278,-262,-96,-218,-32,-23,-32,-50,-19,0,441,434,474,560,539,534,465,450,551,295,255,0,0,0,0,-107,-112,-106,-63,-174,-183,-189,-185,-202,-45,-273,0,-206,-170,-449,-272,-266,-223,-629,-631,-610,-459,-629,-627,-749,-677,-744,-733,-1254,-1221,-1152,-1114,-878,-647,-632,-625,-565,-556,-584,-505,-624,-600,-1199,-862,-855,-855,-29978,-29979,-29979,-29980,-29990,-29991,-29994,-29981,-29981,-29982,-29964,-5903,-29985,-29985,-29961,-29963,-29980,-6227,-29974,-29970,-29991,-29992,-29992,-29993,-29998,-29986,-29998,-29999,-29999]} 1. d4 g6 2. c4 Bg7 3. Nf3 c5 4. d5 d6 5. Nc3 Bxc3+ 6. bxc3 f5 {A40: Unusual replies to 1 d4} 7. Qc2 Nf6 8. Bf4 Qa5 {White is slightly better.} 9. e3 Na6 $146 (9... b5 $11 {keeps the balance.}) ({Predecessor:} 9... Nbd7 10. Bd3 Nb6 11. O-O Qa4 12. Qb3 Bd7 13. Nd2 h6 14. h3 g5 {0-1 (76) Sarana,A (2541)-Morozevich,A (2676) Moscow 2017}) 10. Bd3 $16 Nc7 11. O-O b5 12. cxb5 (12. Nd2 $16) 12... Ncxd5 13. c4 Nc3 $2 (13... Nxf4 $14 14. exf4 O-O) 14. Nd2 $1 $18 {[%cal Rd2b3]} Na4 15. Rfc1 (15. e4 $18) 15... Bb7 (15... e5 $16) 16. f3 (16. e4 $18) 16... Nb6 $2 (16... O-O $16 {keeps fighting.}) 17. a4 (17. e4 $18) 17... Nbd7 $16 18. Bg3 (18. e4 $18) 18... e5 19. Be1 Qd8 20. Bf1 O-O 21. Nb3 Rc8 22. Rd1 Ne8 23. Bc3 Qg5 24. Qf2 Qe7 25. a5 Ba8 26. Nc1 Rd8 27. a6 Nb6 28. Ba5 Ng7 29. Ra3 ({White should play} 29. Bxb6 axb6 30. Ne2) 29... Ne6 (29... Rb8 $142) 30. Rad3 $2 (30. Bxb6 $16 axb6 31. Ne2) 30... e4 $15 31. R3d2 exf3 {aiming for ...Rb8.} 32. gxf3 $2 (32. Bxb6 $1 $11 axb6 33. Rd3 (33. gxf3 Ng5 $17)) 32... Ng5 $19 33. Bg2 {[#]} Bxf3 $1 {[%mdl 512]} 34. Re1 $2 {[%mdl 8192]} (34. Bxb6 $1 $11 {and White has nothing to worry.} axb6 35. h4 Bxg2 36. hxg5) (34. Bxf3 Nh3+) 34... Bxg2 35. Qxg2 Ne4 $2 (35... Nxc4 36. Bxd8 Rxd8 37. Rf2 $17) (35... f4 $19 {has better winning chances.} 36. Kh1 (36. Bxb6 $2 axb6 37. Rf2 f3 $19) 36... f3) 36. Ra2 (36. Bxb6 $17 axb6 37. Rd3) 36... Rde8 $2 (36... Rb8 $19 37. Bxb6 Rxb6) 37. Bxb6 $1 $15 axb6 38. Nd3 Qf7 (38... d5 $5 39. cxd5 Rf7 $15) 39. Nf4 $1 Qxc4 $2 {[%mdl 8192] [#]} (39... Nf6 $11) 40. Nxg6 $1 $18 {[%mdl 512] Threatens to win with Ne5+.} Kf7 (40... hxg6 41. Qxg6+ Kh8 42. Qh6+ Kg8 43. Rg2+ Ng3 44. Qg6+ Kh8 45. hxg3) 41. Nxf8 Rxf8 42. a7 Ra8 43. Rf1 Ke6 {[#]} 44. Qf3 $1 {[%mdl 512]} Qd5 45. Rg2 $2 (45. Qh3 $1 $18) 45... Rxa7 $11 46. Qh5 {Black should prevent Qe8+.} Nf6 47. Qh4 (47. Qh3 $1 $11) 47... Qe4 $17 48. Qh6 Ra3 49. Qf8 (49. Rg3 $1 $15) 49... Ra8 $19 (49... Qxe3+ 50. Kh1 $17) 50. Qh6 {[#]} c4 $1 $40 {[%mdl 128] Black goes for the king.} 51. h3 Ra3 $2 ({Black should try} 51... c3 $19 52. Rd1 Rc8) 52. Qf8 $2 (52. Re1 $1 $15) 52... Ra8 53. Qh6 c3 ({Much less strong is} 53... Ra3 54. Re1 $17) 54. Rg4 $2 (54. Re1 {might work better.}) 54... Qe5 ({Inferior is} 54... fxg4 55. Qxf6+ Kd5 56. Rf5+ (56. Rd1+ Kc5 $11) 56... Kc4 {[#]} 57. Rf4 $1 $11 {[%mdl 512]}) 55. Rg2 Rc8 56. Qf4 $2 (56. Rff2) 56... Qxf4 57. exf4 {[%mdl 4096] Endgame KRR-KRN} Rc5 58. Rb1 d5 59. Kf2 d4 60. Ke2 Nd5 61. Rf2 c2 62. Rc1 Nb4 63. Kd2 d3 64. Rf3 Rxb5 65. Ra1 Rc5 66. Rff1 Rd5 67. Ra4 Rd4 68. Re1+ Kd6 69. Rf1 Re4 {White must now prevent ...Re2+.} 70. Raa1 Re2+ 71. Kc3 Kc5 72. Rg1 d2 73. Rgf1 d1=Q {[%mdl 64] Promotion} 74. Rfxd1 cxd1=Q 75. Rxd1 {KRN-KR} Nd5+ (75... Re3+ $142 76. Kb2 Rxh3 77. Rg1 Kd4 78. Rg5 Ke4 79. Rg8 h5 80. Re8+ Kxf4 81. Ra8 Nd5 82. Kc2 h4 83. Ra4+ Ke5 84. Ra1 Rh2+ 85. Kb3 h3 86. Kc4 Rd2 87. Re1+ Kf4 88. Rf1+ Kg3 89. Kb5 h2 90. Kc6 Kg2 91. Re1 h1=Q 92. Rxh1 Kxh1 93. Kd6 f4 94. Ke5 f3 95. Kf5 f2 96. Ke6 f1=Q 97. Kd7 Qf7+ 98. Kc6 Qc7+ 99. Kb5 Qd7+ 100. Kc4 Qa4#) 76. Kb3 Re3+ 77. Kb2 Rxh3 78. Rc1+ Kd4 (78... Kb4 $142 79. Rd1 Rh2+ 80. Kc1 Kc3 81. Rxd5 Rh1+ 82. Rd1 Rxd1+ 83. Kxd1 b5 84. Ke1 b4 85. Kf2 b3 86. Kg3 b2 87. Kh4 Kd4 88. Kg5 b1=Q 89. Kf6 Kd5 90. Kf7 Qb7+ 91. Kf6 Kd6 92. Kg5 Qg7+ 93. Kh5 Qg6+ 94. Kh4 Qg4#) 79. Re1 Ne3 {Black mates.} 80. Ra1 Nc4+ 81. Kc2 Rh2+ 82. Kb3 Rf2 83. Rc1 Rb2+ 84. Ka4 b5# {Accuracy: White = 23%, Black = 47%.} 0-1